82d Division, summary of operations in the World War /

Bibliographic Details
Corporate Author: American Battle Monuments Commission
Format: Book
Language:English
Published: [Washington] : U.S. G.P.O., 1944.
Subjects:

MARC

Tag First Indicator Second Indicator Subfields
LEADER 00000cam a2200000 a 4500
001 in00001137745
005 20150930092943.0
008 741120s1944 dcub b f001 0 eng
010 |a  44041317  
035 |a (OCoLC)01080670 
035 |9 AFY1753AM 
040 |a DLC  |c KSU  |d m.c.  |d SER  |d TXA  |d UtOrBLW 
049 |a TXAS [mil] 
050 0 0 |a D570.3.82d  |b .A53 
082 0 |a 940.41273 
090 |a UA27.5 82d  |b .A53 1944 
110 2 |a American Battle Monuments Commission. 
245 1 0 |a 82d Division, summary of operations in the World War /  |c prepared by the American Battle Monuments Commission. 
246 3 |a 82nd Division, summary of operations in the World War 
246 3 |a Eighty-second Division, summary of operations in the World War 
264 1 |a [Washington] :  |b U.S. G.P.O.,  |c 1944. 
300 |a x, 68 pages :  |b maps (some folded) ;  |c 24 cm. 
336 |a text  |b txt  |2 rdacontent 
337 |a unmediated  |b n  |2 rdamedia 
338 |a volume  |b nc  |2 rdacarrier 
504 |a Bibliography: pages 57-62. 
500 |a Includes index. 
500 |a Two folded maps in pocket. 
610 1 0 |a United States.  |b Army.  |b Airborne Division, 82nd. 
650 0 |a World War, 1914-1918  |x Regimental histories  |z United States  |x 82nd Division. 
999 |a MARS 
999 f f |s 275846c6-dfe6-31b4-b000-d867f8be8388  |i 7090f93b-ce9e-33a0-8728-82c20a6d3d39  |t 0 
952 f f |p noncirc  |a Texas A&M University  |b College Station  |c Cushing Memorial Library & Archives  |d Cushing: Ragan Military (Does not check out)  |t 0  |e UA27.5 82d .A53 1944  |h Library of Congress classification  |i unmediated -- volume 
998 f f |a UA27.5 82d .A53 1944  |t 0  |l Cushing: Ragan Military (Does not check out)